<?xml version="1.0" encoding="UTF-8"?><?xml-stylesheet type="text/xsl" href="static/style.xsl"?><OAI-PMH xmlns="http://www.openarchives.org/OAI/2.0/" xmlns:xsi="http://www.w3.org/2001/XMLSchema-instance" xsi:schemaLocation="http://www.openarchives.org/OAI/2.0/ http://www.openarchives.org/OAI/2.0/OAI-PMH.xsd"><responseDate>2026-06-01T10:25:30Z</responseDate><request verb="GetRecord" identifier="oai:riuma.uma.es:10630/33252" metadataPrefix="marc">https://riuma.uma.es/rest/oai/request</request><GetRecord><record><header><identifier>oai:riuma.uma.es:10630/33252</identifier><datestamp>2026-02-03T11:38:08Z</datestamp><setSpec>com_10630_2254</setSpec><setSpec>col_10630_37956</setSpec></header><metadata><record xmlns="http://www.loc.gov/MARC21/slim" xmlns:dcterms="http://purl.org/dc/terms/" xmlns:doc="http://www.lyncode.com/xoai" xmlns:xsi="http://www.w3.org/2001/XMLSchema-instance" xsi:schemaLocation="http://www.loc.gov/MARC21/slim http://www.loc.gov/standards/marcxml/schema/MARC21slim.xsd">
   <leader>00925njm 22002777a 4500</leader>
   <datafield ind2=" " ind1=" " tag="042">
      <subfield code="a">dc</subfield>
   </datafield>
   <datafield ind2=" " ind1=" " tag="720">
      <subfield code="a">Fernández-Navas, Manuel</subfield>
      <subfield code="e">author</subfield>
   </datafield>
   <datafield ind2=" " ind1=" " tag="720">
      <subfield code="a">Alcaraz-Salarirche, Noelia</subfield>
      <subfield code="e">author</subfield>
   </datafield>
   <datafield ind2=" " ind1=" " tag="720">
      <subfield code="a">Pérez-Granados, Laura</subfield>
      <subfield code="e">author</subfield>
   </datafield>
   <datafield ind2=" " ind1=" " tag="260">
      <subfield code="c">2022</subfield>
   </datafield>
   <datafield ind2=" " ind1=" " tag="520">
      <subfield code="a">Este libro es resultado directo del Proyecto I+D: “Lesson Studies, escuela y universidad: Investigando la reconstrucción del conocimiento práctico en la formación inicial del profesorado” (ref.: EDU2017-86082-P), dirigido por el profesor Ángel I. Pérez Gómez y la profesora Encarnación Soto Gómez, financiado por el Ministerio de Economía, Industria y Competitividad, España. A lo largo del libro, los/las diferentes autores/as presentan las reflexiones, investigaciones y experiencias desarrolladas en el marco del mencionado Proyecto, en relación con las Lesson Study y la formación inicial y permanente del profesorado. Un proceso que permite abrir el aula y construir con otros y otras el sentido de la enseñanza y el aprendizaje de nuestros/as estudiantes en un contexto educativo tejido de vivencias, descubrimientos y propuestas que, sin duda, la participación de la Lesson Study ha contribuido a favorecer. Nuestro compromiso es ayudar a cada aprendiz a construir su propio y singular proyecto personal, académico y profesional hasta el punto óptimo de sus posibilidades en las circunstancias que habita. Es decir, comprender la naturaleza tutorial de la enseñanza, ayudar a vivir experiencias relevantes de calidad y a construir criterios poderosos de indagación e interpretación, así como hábitos saludables de actuación y relación, en la tormenta de informaciones y estímulos que saturan la atmósfera cotidiana de incertidumbre. En el CAPÍTULO 14, titulado: “El papel de la evaluación formativa en la Lesson Study. Vestigios de una experiencia”, ofrecemos los resultados de un estudio de caso llevado a cabo por los autores en un grupo del Grado en Pedagogía la Universidad de Málaga, donde se implementó la metodología de Lesson Study, siguiendo un proceso de investigación-acción colaborativa.</subfield>
   </datafield>
   <datafield ind1="8" ind2=" " tag="024">
      <subfield code="a">Fernández Navas, M., Alcaraz, N. y Pérez Granados, L. (2022). El papel de la evaluación formativa en la Lesson Study. En A. I. Pérez Gómez y E. Soto Gómez (Coords). Lesson Study. Aprender a enseñar para enseñar a aprender. (329-346). Morata</subfield>
   </datafield>
   <datafield ind1="8" ind2=" " tag="024">
      <subfield code="a">978-84-18381-80-5</subfield>
   </datafield>
   <datafield ind1="8" ind2=" " tag="024">
      <subfield code="a">https://hdl.handle.net/10630/33252</subfield>
   </datafield>
   <datafield tag="653" ind2=" " ind1=" ">
      <subfield code="a">Investigación activa en educación</subfield>
   </datafield>
   <datafield ind2="0" ind1="0" tag="245">
      <subfield code="a">El papel de la evaluación formativa en la Lesson Study. Vestigios de una experiencia.</subfield>
   </datafield>
</record>
</metadata></record></GetRecord></OAI-PMH>